000 00367nam a2200145Ia 4500
008 210716s1977 xx 000 0 und d
020 _a0814454372
041 _aeng
082 _a658.048 BORD
100 _aBorst, Diane;Montana, Patrick J.
245 _aManaging nonprofit organizations.
250 _a1
260 _aNew York
_bAMACOM
_c1977
300 _aviii,328
999 _c202465
_d202465